Language Quiz

Random Language or Chinese Quiz
Score 0/12 Timer 02:00
1 Play Today
% Correct
croa croa
81.7%
kwaak kwaak
80.4%
نقيق (naqiq)
77.6%
κουάξ κουάξ (kuaks kuaks)
75.3%
개굴개굴 (gaegul gaegul)
74.4%
קְוָה־קְוָה (qwà qwà)
74%
ква ква (kva kva)
64.8%
呱呱 (guā guā)
62.1%
মক মক (môk môk)
58%
бақ-бақ (baq-baq)
55.3%
cra cra
54.3%
อ๊บ ๆ (op op)
54.3%
Come Together.
Have Fun.
All Virtual.
We all need to come together. Play Sporcle's virtual live trivia to have fun, connect with people, and get your trivia on. Join a live hosted trivia game for your favorite pub trivia experience done virtually. If a virtual private party is more your thing, go here for details.

You're not logged in!

Compare scores with friends on all Sporcle quizzes.
OR
Log In

Sporcle TV

Today on Sporcle TV


Watch our educational content, quiz creation guides, and fun videos on Sporcle TV.

Show Comments

Extras

Top Quizzes Today


Score Distribution

Paid Content

Your Account Isn't Verified!

In order to create a playlist on Sporcle, you need to verify the email address you used during registration. Go to your Sporcle Settings to finish the process.

Report this User

Report this user for behavior that violates our Community Guidelines.

Details: